Districts in Bolu - Statistics

General Stats
  • This quiz has been taken 5 times
  • The average score is 8 of 9
Answer Stats
District % Correct
Bolu Merkez
100%
Dörtdivan
100%
Göynük
100%
Kıbrıscık
100%
Mengen
100%
Mudurnu
100%
Gerede
67%
Yeniçağa
67%
Seben
33%
No matching quizzes found
Score Distribution
Percent of People with Each Score
Percentile by Number Answered
Your Score History
You have not taken this quiz